000 00609nam a22002297a 4500
003 UA-OsUOA
001 80239
007 ta
008 20111205b un ||||| |||| 00| 0 ukr d
100 _aУоррен Р. П.
090 _a821.161.2
_bУ64
942 _cBK
040 _aUA-OsUOA
_bukr
_cUA-OsUOA
_dUA-OsUOA
245 _aВсе королівське військо
_bроман
300 _a536 с.
955 _a3
041 _aukr
080 _a821.161.2
260 _aМ.
_bДніпро
_c1986
650 7 _a82 Література. Літературознавство
_2UDC
999 _c366561
_d366561